01183nam0a22002771 4500001001100000005001700011021001900028035002600047100004100073101000800114102000700122105001800129200020400147210003700351215002700388300013000415320005100545606008700596701002900683701002900712701003600741712006900777801001800846801002200864852001900886rc\483458720260406193408.0 aRUb[66-86215] a(NLR Aleph) 008890596 a20130426d1966 |||y0rusy50 ca0 arus aRU aa z |||||1 aТермическая переработка сланца-кукерситаfПод ред. проф. д-ра техн. наук М.Я. ГубергрицаgАН Эст. ССР. Ин-т химии aТаллинcВалгусd1966 a356 с.cчерт.d22 aНа обороте тит. л. авт.: Б.Х. Бродская, И.С. Галынкер, М.Я. Губергриц и др. aБиблиогр.: с. 335-350 (444 назв.) aСланец-кукерситxТермическая переработка2psbo 1aБродскаяbБ.Х. 1aГалынкерbИ.С. 1aГубергрицbМ.Я.434002aИнститут химииcТаллин3RU\NLR\AUTH\889956132 0aRUbNLRgpsbo 1aRUbELAR2rusmarc aNLRj66-5/5294